000 00578nam a22001937a 4500
003 OSt
005 20240604072749.0
008 240604b |||||||| |||| 00| 0 eng d
020 _a0060462310
040 _aDWC- Main Lib
_cOC
082 _aCirc. 620.1 S617 1975
100 _aSinger, Ferdinand L.
245 _aEngineering mechanics :
_bstatics and dynamics /
_cFerdinand L Singer.
250 _aThird edition
260 _a N. Y. :
_bHarper and Row Publishers,
_cc1975.
300 _axvi, 731 p. ;
_c24 cm.
650 _a1. Mechanics, Applied
942 _2ddc
_cBK-CIRC
_kCirc.
_n1
999 _c136
_d136